<?xml version="1.0" encoding="UTF-8"?>
<collection xmlns="http://www.loc.gov/MARC21/slim">
 <record>
  <leader>     na                 </leader>
  <controlfield tag="001">INLIS000000000021065</controlfield>
  <controlfield tag="005">20230605111426</controlfield>
  <datafield tag="035" ind1=" " ind2=" ">
   <subfield code="a">0010-0523000404</subfield>
  </datafield>
  <controlfield tag="007">ta</controlfield>
  <controlfield tag="008">230605                g          0 ind  </controlfield>
  <datafield tag="020" ind1=" " ind2=" ">
   <subfield code="a">978-623-02-1397-7</subfield>
  </datafield>
  <datafield tag="082" ind1=" " ind2=" ">
   <subfield code="a">658.403 8</subfield>
  </datafield>
  <datafield tag="084" ind1=" " ind2=" ">
   <subfield code="a">658.403 8 MUH s</subfield>
  </datafield>
  <datafield tag="100" ind1="0" ind2=" ">
   <subfield code="a">Muhammad Tajuddin</subfield>
   <subfield code="e">Pengarang</subfield>
  </datafield>
  <datafield tag="245" ind1="1" ind2=" ">
   <subfield code="a">Sistem Informasi</subfield>
  </datafield>
  <datafield tag="250" ind1=" " ind2=" ">
   <subfield code="a">Cetakan 1</subfield>
  </datafield>
  <datafield tag="300" ind1=" " ind2=" ">
   <subfield code="a">viii + 158 halaman :</subfield>
   <subfield code="b">[Ilustrasi Grafis] ;</subfield>
   <subfield code="c">23 cm</subfield>
  </datafield>
  <datafield tag="650" ind1=" " ind2="4">
   <subfield code="a">Sistem Informasi Manajemen</subfield>
  </datafield>
  <datafield tag="700" ind1="0" ind2=" ">
   <subfield code="a">Adam Bachtiar</subfield>
   <subfield code="e">Pengarang</subfield>
  </datafield>
  <datafield tag="504" ind1=" " ind2=" ">
   <subfield code="a">13-15 halaman</subfield>
  </datafield>
  <datafield tag="520" ind1=" " ind2=" ">
   <subfield code="a">Bab I Gambaran Umum Sistem Informasi&#13;
Bab II Konsep Sistem&#13;
Bab III Konsep Sistem Informasi&#13;
Bab IV Komponen Dan Ragan Sistem Informasi&#13;
Bab V Pengembangan Sistem Informasi&#13;
Bab VI Data Warehouse&#13;
Bab VII Jaringan Komputer, Internet dan E Commerce&#13;
Bab Viii Etika dan Keamanan Sistem Informasi</subfield>
  </datafield>
  <datafield tag="520" ind1=" " ind2=" ">
   <subfield code="a">Sistem Informasi adalah kombinasi seperangkat komponen yang terdiri atas orang, hardware, software, jaringan telekomunikasi, dan data yang saling bekerja sama untuk mengumpulkan, mengolah, menyimpan, dan menyebarkan informasi untuk mendukung pengambilan keputusan, pengendalian, analisis masalah, dan visualisasi dalam organisasi. Bidang sistem informasi meliputi semua aspek pengembangan, penyebaran, implementasi, penggunaan, dan dampak sistem informasi dalam organisasi dan masyarakat.&#13;
Banyak aktivitas manusia yang berhubungan dengan sistem informasi. Tidak hanya di negara-negara maju, di Indonesia pun sistem informasi telah banyak diterapkan di mana-mana, seperti di kantor, pasar swalayan, bandara, bahkan di rumah ketika pemakai bercengkerama dengan dunia internet.&#13;
Buku Sistem Informasi ini membahas mengenai gambaran umum, konsep dasar, komponen, ragam, pengembangan sistem informasi; data warehouse; jaringan komputer, internet dan e-commerce; etika dan keamanan sistem informasi. Buku ini dapat dijadikan referensi untuk menambah wawasan bagi mahasiswa Sistem Informasi atau untuk memunculkan motivasi dalam mengembangkan era Society 5.0.</subfield>
  </datafield>
  <datafield tag="264" ind1=" " ind2=" ">
   <subfield code="a">Yogyakarta :</subfield>
   <subfield code="b">Deepublish,</subfield>
   <subfield code="c">2020</subfield>
  </datafield>
  <datafield tag="336" ind1=" " ind2=" ">
   <subfield code="2">rdacontent</subfield>
   <subfield code="a">Teks</subfield>
  </datafield>
  <datafield tag="337" ind1=" " ind2=" ">
   <subfield code="2">rdamedia</subfield>
   <subfield code="a">Tanpa Perantara</subfield>
  </datafield>
  <datafield tag="338" ind1=" " ind2=" ">
   <subfield code="2">rdacarrier</subfield>
   <subfield code="a">Lembar</subfield>
  </datafield>
  <datafield tag="990" ind1=" " ind2=" ">
   <subfield code="a">074636</subfield>
  </datafield>
  <datafield tag="990" ind1=" " ind2=" ">
   <subfield code="a">074637</subfield>
  </datafield>
  <datafield tag="990" ind1=" " ind2=" ">
   <subfield code="a">074638</subfield>
  </datafield>
  <datafield tag="990" ind1=" " ind2=" ">
   <subfield code="a">074638</subfield>
  </datafield>
 </record>
</collection>
